[Event "Muenster op-A 39th"]
[Site "Muenster"]
[Date "2022.10.06"]
[Round "7"]
[White "Quinones Maletti, Julio Guillermo"]
[Black "Garbuz, Vitaliy"]
[Result "0-1"]
[WhiteElo "2020"]
[BlackElo "2142"]
[PlyCount "52"]
[EventDate "2022.10.01"]
[EventType "swiss"]
[EventRounds "9"]
[EventCountry "GER"]
[SourceTitle "EXT 2023"]
[Source "ChessBase"]
[SourceDate "2022.10.05"]
[SourceVersion "1"]
[SourceVersionDate "2022.10.05"]
[SourceQuality "1"]

1. e4 c5 2. Nf3 Nc6 3. d4 cxd4 4. Nxd4 g6 5. Nc3 Bg7 6. Be3 Nf6 7. Bc4 0-0 8. Bb3 Re8 9. f3 e6 10. f4 Nd5 11. exd5 exd5 12. Kf2 Rxe3 13. Nxc6 bxc6 14. Kxe3 d4+ 15. Kd2 Qa5 16. Qf3 d5 17. Rae1 Bf5 18. g4 dxc3+ 19. Kc1 Be4 20. Rxe4 dxe4 21. Qxe4 cxb2+ 22. Kb1 Qd2 23. f5 Bh6 24. Kxb2 Bg7+ 25. Kb1 Qc3 26. Kc1 Rd8 0-1

[Event "Muenster op-A 39th"]
[Site "Muenster"]
[Date "2022.10.04"]
[Round "5"]
[White "Koellner, Ruben Gideon"]
[Black "Quinones Maletti, Julio Guillermo"]
[Result "1-0"]
[WhiteElo "2403"]
[BlackElo "2020"]
[PlyCount "107"]
[EventDate "2022.10.01"]
[EventType "swiss"]
[EventRounds "9"]
[EventCountry "GER"]
[SourceTitle "EXT 2023"]
[Source "ChessBase"]
[SourceDate "2022.10.05"]
[SourceVersion "1"]
[SourceVersionDate "2022.10.05"]
[SourceQuality "1"]

1. d4 Nf6 2. Nf3 d6 3. Nbd2 Bf5 4. Nh4 Bd7 5. e4 e5 6. dxe5 dxe5 7. Nhf3 Bd6 8. Bd3 Bc6 9. 0-0 Nbd7 10. b3 0-0 11. Bb2 Re8 12. Qe2 a6 13. Nc4 Nc5 14. Ncxe5 Bxe4 15. Bxe4 Ncxe4 16. Qc4 Re6 17. Rfe1 Qe8 18. Rxe4 Nxe4 19. Qxe4 f6 20. Qh4 fxe5 21. Ng5 Rh6 22. Qc4+ Kf8 23. Re1 Qg6 24. f4 Be7 25. Rxe5 b5 26. Ne6+ Kf7 27. Qd5 c6 28. Ng5+ Kf8 29. Ne6+ Kf7 30. Ng5+ Kf8 31. Ne6+ Kf7 32. Qxc6 Qg4 33. Qxa8 Qd1+ 34. Kf2 Rxe6 35. Rxe6 Kxe6 36. Qe4+ Kf7 37. Bd4 Qh5 38. Qe5 Qh4+ 39. Kf3 Qh6 40. Qd5+ Kf8 41. c4 bxc4 42. bxc4 Qxh2 43. Qf5+ Ke8 44. Qh3 Qxh3+ 45. gxh3 g5 46. f5 h5 47. Ke4 Kf7 48. c5 Ke8 49. f6 Bd8 50. Kf5 g4 51. hxg4 hxg4 52. Ke6 Bc7 53. f7+ Kf8 54. c6 1-0

[Event "Bodensee op"]
[Site "Bregenz"]
[Date "2022.05.24"]
[Round "4"]
[White "Felgendreher, Heiko"]
[Black "Quinones Maletti, Julio Guillermo"]
[Result "0-1"]
[WhiteElo "2138"]
[BlackElo "2002"]
[PlyCount "72"]
[EventDate "2022.05.21"]
[EventType "swiss"]
[EventRounds "9"]
[EventCountry "AUT"]
[SourceTitle "CBM 208 Extra"]
[Source "ChessBase"]
[SourceDate "2022.07.31"]
[SourceVersion "1"]
[SourceVersionDate "2022.07.31"]
[SourceQuality "1"]

1. e4 c5 2. Nf3 d6 3. d4 cxd4 4. Nxd4 Nf6 5. Nc3 a6 6. Be3 e5 7. Nb3 Be6 8. f3 Be7 9. Qd2 0-0 10. 0-0-0 Nbd7 11. g4 b5 12. g5 b4 13. Ne2 Ne8 14. Ng3 a5 15. Kb1 a4 16. Nc1 b3 17. cxb3 axb3 18. a3 Nc7 19. f4 exf4 20. Bxf4 Nc5 21. Rg1 d5 22. Qc3 Rc8 23. Nh5 Ne8 24. exd5 Bf5+ 25. Ka1 Na4 26. Qxb3 Bc2 27. Qf3 Bxd1 28. Qxd1 Nxb2 29. Qb3 Bxa3 30. Be2 Qa5 31. Na2 Qa4 32. Qh3 Qd4 33. Qe3 Bc5 34. Qxd4 Bxd4 35. Rf1 Nc4+ 36. Kb1 Na3# 0-1

[Event "Mittelrhein Verbandsliga Sued 1920"]
[Site "Mittelrhein"]
[Date "2019.12.08"]
[Round "4.2"]
[White "Schaefer, Timo"]
[Black "Quinones Maletti, Julio Guillermo"]
[Result "1/2-1/2"]
[WhiteElo "1942"]
[BlackElo "2009"]
[PlyCount "86"]
[EventDate "2019.09.29"]
[EventType "team-tourn"]
[EventRounds "9"]
[EventCountry "GER"]
[SourceTitle "EXT 2023"]
[Source "ChessBase"]
[SourceDate "2022.10.05"]
[SourceVersion "1"]
[SourceVersionDate "2022.10.05"]
[SourceQuality "1"]
[WhiteTeam "Godesberg III"]
[BlackTeam "Koeln Porz IV"]
[WhiteTeamCountry "GER"]
[BlackTeamCountry "GER"]

1. d4 Nf6 2. c4 g6 3. f3 Bg7 4. e4 0-0 5. Nc3 d6 6. Be3 a6 7. Bd3 c6 8. a4 a5 9. Nge2 Na6 10. Qd2 Nb4 11. Bb1 Nd7 12. Na2 e5 13. Nxb4 axb4 14. d5 c5 15. 0-0 f6 16. Bd3 Rf7 17. b3 Nf8 18. Ra2 b6 19. Qc2 Raa7 20. g4 Rae7 21. Ng3 Re8 22. Qb1 Kh8 23. h3 Kg8 24. Rh2 Bd7 25. h4 h6 26. Qc1 g5 27. Nf5 Bxf5 28. gxf5 Nh7 29. Qd2 Kf8 30. Kf2 Ke7 31. Rfh1 Rg8 32. Ke1 Kd7 33. Rg2 Kc8 34. Kd1 Kb8 35. hxg5 fxg5 36. Rgh2 Bf8 37. Bf1 Nf6 38. Bh3 Rh8 39. Bg4 Bg7 40. Bh5 Ra7 41. Qg2 Qg8 42. Rh3 Qf8 43. Bg4 Rg8 1/2-1/2

[Event "Mittelrhein Verbandsliga-N 18/19"]
[Site "Nordrheinwestfalen"]
[Date "2019.03.10"]
[Round "8.2"]
[White "Quinones Maletti, Julio Guillermo"]
[Black "Spiekermann, Thomas"]
[Result "1/2-1/2"]
[WhiteElo "1958"]
[BlackElo "1968"]
[PlyCount "72"]
[EventDate "2018.09.02"]
[EventType "team-tourn"]
[EventRounds "12"]
[EventCountry "GER"]
[SourceTitle "EXT 2022"]
[Source "ChessBase"]
[SourceDate "2021.10.06"]
[SourceVersion "1"]
[SourceVersionDate "2021.10.06"]
[SourceQuality "1"]
[WhiteTeam "Porz SG III"]
[BlackTeam "Dormagen SV"]
[WhiteTeamCountry "GER"]
[BlackTeamCountry "GER"]

1. e4 c6 2. d4 d5 3. Nc3 dxe4 4. Nxe4 Bf5 5. Ng3 Bg6 6. h4 h5 7. Be2 e6 8. Nh3 Bd6 9. Bf4 Nf6 10. c4 Qc7 11. Qd2 Nbd7 12. c5 Bxf4 13. Nxf4 Ne4 14. Nxe4 Bxe4 15. Qe3 Qa5+ 16. Kf1 Nf6 17. Rh3 Bf5 18. Rg3 Ng4 19. Qb3 Qc7 20. Nxh5 Rxh5 21. Bxg4 Rxh4 22. Rh3 Rxh3 23. Qxh3 Bxg4 24. Qxg4 0-0-0 25. Qxg7 Qf4 26. Rd1 e5 27. d5 cxd5 28. Qh7 Qf6 29. Qh3+ Kb8 30. b4 Rh8 31. Qd7 d4 32. Kg1 Rd8 33. Qb5 e4 34. c6 Qxc6 35. Qe5+ Qd6 36. Qxe4 f6 1/2-1/2

[Event "Mittelrhein Verbandsliga-N 18/19"]
[Site "Nordrheinwestfalen"]
[Date "2019.02.10"]
[Round "7.2"]
[White "Baer, Marco"]
[Black "Quinones Maletti, Julio Guillermo"]
[Result "1-0"]
[WhiteElo "2088"]
[BlackElo "1958"]
[PlyCount "111"]
[EventDate "2018.09.02"]
[EventType "team-tourn"]
[EventRounds "12"]
[EventCountry "GER"]
[SourceTitle "EXT 2022"]
[Source "ChessBase"]
[SourceDate "2021.10.06"]
[SourceVersion "1"]
[SourceVersionDate "2021.10.06"]
[SourceQuality "1"]
[WhiteTeam "Leverkusen SC Bayer"]
[BlackTeam "Porz SG III"]
[WhiteTeamCountry "GER"]
[BlackTeamCountry "GER"]

1. Nf3 Nf6 2. g3 g6 3. Bg2 Bg7 4. 0-0 0-0 5. c4 Nc6 6. Nc3 d6 7. Rb1 a5 8. a3 e5 9. d3 Nd4 10. e3 Nxf3+ 11. Bxf3 c6 12. e4 Be6 13. Bg5 h6 14. Bxf6 Qxf6 15. Bg2 h5 16. h3 h4 17. g4 Bh6 18. Qc2 Kh8 19. b4 Qg7 20. b5 f5 21. f3 Be3+ 22. Kh1 f4 23. Qa4 Qc7 24. Rb3 Rf7 25. Rfb1 Kg7 26. Bf1 Bd4 27. Ne2 Bc5 28. Kg2 cxb5 29. Qxb5 b6 30. Rc3 Bxg4 31. hxg4 h3+ 32. Kh1 Qe7 33. d4 exd4 34. Rd3 Qh4 35. Qb2 Rh8 36. Qd2 Kg8 37. Qe1 Qf6 38. Kh2 Qe6 39. Qc1 Rh4 40. Ng1 g5 41. Be2 Rc7 42. Qc2 Qe5 43. Bf1 Rf7 44. Qf2 Qe6 45. Rc1 Qe5 46. Ne2 Rfh7 47. Rcd1 Qe6 48. Nxd4 Qxc4 49. Qd2 Qa4 50. Qa2+ Kh8 51. Nf5 Rc7 52. Nxh4 Be3 53. Qb3 Rc2+ 54. Kxh3 Bg1 55. Bg2 Rxg2 56. Kxg2 1-0

[Event "GER-chT U20"]
[Site "Osnabrueck"]
[Date "2018.12.29"]
[Round "6.5"]
[White "Tiedemann, Fin Niklas"]
[Black "Quinones Maletti, Julio Guillermo"]
[Result "1-0"]
[WhiteElo "1902"]
[BlackElo "2029"]
[PlyCount "73"]
[EventDate "2018.12.27"]
[EventType "team-swiss"]
[EventRounds "7"]
[EventCountry "GER"]
[SourceTitle "CBM 188 Extra"]
[Source "ChessBase"]
[SourceDate "2019.02.26"]
[SourceVersion "1"]
[SourceVersionDate "2019.02.26"]
[SourceQuality "1"]
[WhiteTeam "Luebeck"]
[BlackTeam "Porz SG"]
[WhiteTeamCountry "GER"]
[BlackTeamCountry "GER"]

1. e4 c5 2. Nc3 a6 3. g3 b5 4. Bg2 Bb7 5. d3 e6 6. f4 d5 7. Qe2 Be7 8. Nh3 d4 9. e5 Bxg2 10. Qxg2 Nd7 11. Ne4 Nb6 12. 0-0 Qd7 13. g4 f6 14. Bd2 Nd5 15. Rae1 0-0-0 16. Kh1 h5 17. exf6 gxf6 18. gxh5 Rxh5 19. Qg4 Rh7 20. Nef2 f5 21. Qe2 Ne3 22. Bxe3 Qd5+ 23. Kg1 Rg7+ 24. Ng5 Bxg5 25. fxg5 dxe3 26. Qxe3 e5 27. Nh3 e4 28. dxe4 fxe4 29. Qxe4 Qxe4 30. Rxe4 Rd2 31. Rf2 Rd1+ 32. Kg2 Ra1 33. a4 b4 34. b3 Kc7 35. Re6 Kb7 36. g6 Ne7 37. Rf7 1-0

[Event "EU-chT U18"]
[Site "Bad Blankenburg"]
[Date "2018.07.16"]
[Round "5.4"]
[White "Quinones Maletti, Julio Guillermo"]
[Black "Kopylov, Daniel"]
[Result "1-0"]
[WhiteElo "2094"]
[BlackElo "2272"]
[PlyCount "47"]
[EventDate "2018.07.12"]
[EventType "team-swiss"]
[EventRounds "7"]
[EventCountry "GER"]
[SourceTitle "EXT 2019"]
[Source "ChessBase"]
[SourceDate "2018.10.10"]
[SourceVersion "1"]
[SourceVersionDate "2018.10.10"]
[SourceQuality "1"]
[WhiteTeam "Denmark U18"]
[BlackTeam "Germany U18 III"]
[WhiteTeamCountry "DEN"]
[BlackTeamCountry "GER"]

1. e4 c5 2. Nf3 d6 3. d4 cxd4 4. Nxd4 Nf6 5. Nc3 Nc6 6. Bg5 e6 7. Qd2 Be7 8. 0-0-0 Nxd4 9. Qxd4 0-0 10. f4 Qa5 11. Kb1 Rd8 12. Bd3 e5 13. Qe3 exf4 14. Bxf4 Be6 15. Nd5 Bxd5 16. exd5 Re8 17. Qh3 g6 18. Rhf1 Rac8 19. c4 Qc7 20. Bd2 Nd7 21. Rxf7 Nf8 22. Rdf1 Qd8 23. Qh6 Bf6 24. R1xf6 1-0

[Event "DEN-ch cand"]
[Site "Svendborg"]
[Date "2018.03.28"]
[Round "2"]
[White "Quinones Maletti, Julio Guillermo"]
[Black "Schack, Asbjorn Hovgaard"]
[Result "1/2-1/2"]
[WhiteElo "2158"]
[BlackElo "2075"]
[PlyCount "52"]
[EventDate "2018.03.27"]
[EventType "swiss"]
[EventRounds "7"]
[EventCountry "DEN"]
[SourceTitle "EXT 2019"]
[Source "ChessBase"]
[SourceDate "2018.10.10"]
[SourceVersion "1"]
[SourceVersionDate "2018.10.10"]
[SourceQuality "1"]

1. e4 e6 2. d4 d5 3. Nc3 Nf6 4. Bg5 Be7 5. e5 Nfd7 6. h4 c5 7. Bxe7 Kxe7 8. f4 cxd4 9. Qxd4 Nc6 10. Qd2 a6 11. Nf3 Nc5 12. 0-0-0 b5 13. f5 h6 14. Qf2 Qb6 15. Qg3 Rg8 16. Qf4 b4 17. fxe6 fxe6 18. Ne2 Ne4 19. Ned4 Nxd4 20. Nxd4 Rf8 21. Qe3 Qc7 22. Nf3 Qa5 23. Bd3 Bb7 24. Bxe4 dxe4 25. Nd2 Qxe5 26. Qb6 Bd5 1/2-1/2

[Event "DEN-ch cand"]
[Site "Svendborg"]
[Date "2018.03.27"]
[Round "1"]
[White "Rostgaard, Tobias Valentin"]
[Black "Quinones Maletti, Julio Guillermo"]
[Result "1-0"]
[WhiteElo "2335"]
[BlackElo "2158"]
[PlyCount "57"]
[EventDate "2018.03.27"]
[EventType "swiss"]
[EventRounds "7"]
[EventCountry "DEN"]
[SourceTitle "EXT 2019"]
[Source "ChessBase"]
[SourceDate "2018.10.10"]
[SourceVersion "1"]
[SourceVersionDate "2018.10.10"]
[SourceQuality "1"]

1. d4 Nf6 2. Bf4 g6 3. e3 Bg7 4. Nf3 c5 5. c3 b6 6. Be2 0-0 7. 0-0 Bb7 8. h3 d5 9. Nbd2 Nc6 10. Qa4 Nd7 11. Rfd1 a6 12. Rab1 Rc8 13. Qb3 Re8 14. Qxd5 Nxd4 15. Qxb7 Nxe2+ 16. Kf1 Nxf4 17. exf4 Qc7 18. Qxa6 Qxf4 19. Nc4 Qe4 20. Qb5 Rc7 21. Nxb6 Rb8 22. Qc4 Qc2 23. Nd5 Rxb2 24. Rxb2 Qxd1+ 25. Ne1 Ne5 26. Rb8+ Bf8 27. Qe4 Rd7 28. Qxe5 Qxd5 29. Rxf8+ 1-0

[Event "Helsingor Xtracon op"]
[Site "Helsingor"]
[Date "2017.07.29"]
[Round "9"]
[White "Kristiansen, Willy"]
[Black "Quinones Maletti, Julio Guillermo"]
[Result "1/2-1/2"]
[WhiteElo "2041"]
[BlackElo "2200"]
[PlyCount "142"]
[EventDate "2017.07.22"]
[EventType "swiss"]
[EventRounds "10"]
[EventCountry "DEN"]
[SourceTitle "CBM 179 Extra"]
[Source "ChessBase"]
[SourceDate "2017.08.23"]
[SourceVersion "1"]
[SourceVersionDate "2017.08.23"]
[SourceQuality "1"]

1. d4 Nf6 2. c4 g6 3. g3 Bg7 4. Bg2 0-0 5. Nc3 d6 6. Nf3 Nc6 7. 0-0 a6 8. Qd3 e5 9. dxe5 dxe5 10. Qxd8 Rxd8 11. Bg5 Be6 12. Nd2 h6 13. Bxf6 Bxf6 14. Nd5 Bxd5 15. cxd5 Nb4 16. e4 c6 17. a3 Nc2 18. Rac1 Nd4 19. Rfe1 Bg5 20. Rcd1 Nc2 21. Re2 Nd4 22. Ree1 Rac8 23. Nf3 Nxf3+ 24. Bxf3 h5 25. h4 Be7 26. dxc6 Rxc6 27. Rxd8+ Bxd8 28. Rd1 Bb6 29. Rd2 Bd4 30. Bd1 Rc1 31. Kg2 Rb1 32. b3 b5 33. a4 b4 34. Kf3 Rc1 35. Bc2 Kf8 36. Kg2 Ke7 37. Bd3 Rc3 38. Bc2 Kd6 39. Bd1 Ke7 40. Bc2 Kf8 41. Kf1 a5 42. Ke2 Kg7 43. Bd1 Kh6 44. Bc2 f6 45. Bd1 Kg7 46. Rc2 Kh6 47. Rxc3 bxc3 48. f4 exf4 49. gxf4 Kg7 50. f5 Kh6 51. fxg6 Kxg6 52. Kd3 Bf2 53. Kxc3 Bxh4 54. Kd3 Be1 55. Ke2 Bb4 56. Kf3 Kg5 57. Be2 Bd2 58. Bc4 h4 59. Be6 Bf4 60. Bf5 Bg3 61. Bh3 Kh6 62. Be6 Kg7 63. Kg4 Kf8 64. Bf5 Ke7 65. Kh3 Kd6 66. Bh7 Kc5 67. Bg6 Kd4 68. Bh7 Kc3 69. Bg8 Kd4 70. Bh7 Ke3 71. Bg6 Be1 1/2-1/2

[Event "Helsingor Xtracon op"]
[Site "Helsingor"]
[Date "2017.07.28"]
[Round "8"]
[White "Quinones Maletti, Julio Guillermo"]
[Black "Ukkelberg, Oyvind"]
[Result "1-0"]
[WhiteElo "2200"]
[BlackElo "1933"]
[PlyCount "59"]
[EventDate "2017.07.22"]
[EventType "swiss"]
[EventRounds "10"]
[EventCountry "DEN"]
[SourceTitle "CBM 179 Extra"]
[Source "ChessBase"]
[SourceDate "2017.08.23"]
[SourceVersion "1"]
[SourceVersionDate "2017.08.23"]
[SourceQuality "1"]

1. e4 d6 2. d4 Nf6 3. Nc3 Nbd7 4. f4 e5 5. Nf3 exd4 6. Qxd4 Be7 7. Be3 0-0 8. 0-0-0 c6 9. Be2 Qa5 10. Nd2 b5 11. Nb3 Qc7 12. Bf3 Bb7 13. g4 Rfd8 14. g5 Ne8 15. Qd2 a5 16. Nd4 Nb6 17. Nf5 Nc4 18. Qf2 Bf8 19. Bd4 b4 20. Ne2 c5 21. Bf6 gxf6 22. gxf6 Nxf6 23. Qh4 Ne8 24. Rhg1+ Bg7 25. Nxg7 Kf8 26. Nf5 f6 27. Qh6+ Kf7 28. Qxh7+ Ke6 29. Ned4+ cxd4 30. Nxd4# 1-0

[Event "Taastrup Quick Weekend 23th Basis 7"]
[Site "Taastrup"]
[Date "2016.05.20"]
[Round "2"]
[White "Borg, Christoffer"]
[Black "Quinones Maletti, Julio Guillermo"]
[Result "0-1"]
[WhiteElo "1270"]
[BlackElo "1565"]
[PlyCount "96"]
[EventDate "2016.05.20"]
[EventType "tourn"]
[EventRounds "5"]
[EventCountry "DEN"]
[SourceTitle "EXT 2024"]
[Source "ChessBase"]
[SourceDate "2023.10.10"]
[SourceVersion "1"]
[SourceVersionDate "2023.10.10"]
[SourceQuality "1"]

1. e4 c6 2. Nc3 d5 3. exd5 cxd5 4. d4 Bf5 5. Bd3 Bxd3 6. Qxd3 Nf6 7. Bg5 e6 8. f4 Nbd7 9. Nf3 Be7 10. h4 Ng4 11. Bxe7 Qxe7 12. Nb5 Ngf6 13. Rf1 0-0 14. Ne5 Nxe5 15. dxe5 Ne4 16. 0-0-0 Qxh4 17. Rh1 Qxf4+ 18. Rd2 Qxd2+ 19. Qxd2 Nxd2 20. Kxd2 Rfd8 21. Kd3 a6 22. Nd4 Rac8 23. g4 b5 24. Ra1 b4 25. a3 a5 26. axb4 axb4 27. Ra4 Rc4 28. b3 Rc3+ 29. Kd2 Rb8 30. Nb5 Rc5 31. Nd4 Kf8 32. Ra6 Ke8 33. Nc6 Rbb5 34. Nd4 Rb7 35. Ra8+ Kd7 36. Rh8 Rc8 37. Rxh7 Rg8 38. c3 bxc3+ 39. Kxc3 Kc7 40. g5 Kd7 41. g6 fxg6 42. b4 Ke7 43. b5 Kf7 44. Kb4 Rc8 45. Nc6 Rxc6 46. Rxg7+ Kxg7 47. b6 Rbxb6+ 48. Ka5 Rb1 0-1